000 01618cam a22002294a 4500
005 20250605164048.0
008 250528s ||||||||||||||||||||||||d
035 _a17188
020 _a201403730
040 _aGR-AtMCL
_bgre
_dGR-AtMCL
_eAACR2
245 1 _aEconomics / Third Edition
250 _a3rd
260 _bAddison-Wesley,
_c1997
300 _a1040
520 _aA highly successful text that has established itself as a market leader around the globe. Introduction, What is Economics?, Making and Using Graphs, Production and Growth and Trade, Demand and Supply, Elasticity, Markets in Action, Markets for Goods and Services, Utility and Demand, Possibilities and Preferences and Choices, Organizing Production, Output and Costs, Competition, Monopoly, Monopolistic Competition and Oligopoly, Markets for Factors of Production, Pricing and Allocating Factors of Production, Labor Markets, Capital and Natural Resource Markets, Uncertainty and Information, Markets and Governments, Market Failure and Public Choice, Regulation and Privatization, Externalities and the Environment and Knowledge, Inequality and Redistribution and Welfare, Preliminaries and Long-Term Fundamentals, Employment and Unemployment and Wages, Investment and Capital and Interest, Long Term Economic Growth, Macroeconomic Fluctuations and Policies, Aggregate Supply and Aggregate Demand, Expenditure Multipliers, Money, The Global Economy, Glossary, Index.
700 1 _aMatthews Kent
_93346
700 1 _aParkin Michael
_93320
700 1 _aPowell Melanie
_93347
942 _cBK
999 _c2622
_d2622